[Event "Elitserien Allsvenskan 2018-19"]
[Site "Sweden"]
[Date "2019.03.30"]
[Round "8.6"]
[White "Lindberg, Bo"]
[Black "Wiedenkeller, Michael"]
[Result "1/2-1/2"]
[WhiteElo "2393"]
[BlackElo "2464"]
[Annotator "TA"]
[PlyCount "105"]
[EventDate "2018.11.09"]
[EventType "team-tourn"]
[EventCountry "SWE"]
[SourceTitle "playchess.com"]
[Source "ChessBase"]
[SourceQuality "1"]

{[%evp 9,105,16,39,41,52,32,38,18,35,-4,-9,-8,-7,-22,-15,-27,-19,-18,-20,-48,-30,-37,-31,-58,-55,-98,-91,-94,-83,-103,-97,-120,-103,-145,-145,-177,-135,-119,-93,-172,-173,-146,-56,-72,-41,-46,-48,-64,-61,-60,-60,-60,-41,-50,-4,-31,-28,-67,-58,-88,-27,-40,0,0,7,10,9,-110,48,0,0,-449,0,0,0,0,0,0,0,0,0,0,0,0,0,0,0,0,0,0,0,0,0,0,0,0,0,0]} 1. d4 Nf6 2. Bg5 Ne4 3. Bf4 d5 4. e3 c5 5. Bd3 Nf6 6. Nf3 {A45: Trompowsky Attack} (6. c3 Nc6 7. Nd2 Qb6 8. Rb1 Bg4 9. Ngf3 e6 10. Qa4 Be7 11. Ne5 O-O 12. Bg5 c4 13. Bc2 Bh5 14. Bxf6 gxf6 {1-0 (52) Mchedlishvili,M (2603)-Amin,B (2689) Riadh 2017}) 6... Nc6 7. h3 c4 $146 ({Predecessor:} 7... e6 8. O-O Bd6 9. dxc5 Bxc5 10. Nbd2 Nb4 11. Be2 O-O 12. a3 Nc6 13. c4 a5 {1-0 (43) Pert,R (2459)-Britton,R (2203) Sheffield 2011}) 8. Be2 {White is slightly better.} b5 9. Nc3 a6 10. Ne5 Bb7 11. a3 e6 12. O-O Be7 13. Bf3 O-O 14. g4 Nxe5 15. Bxe5 Bc6 16. Bg2 a5 17. a4 b4 18. Ne2 Rc8 19. Bh2 Qd7 20. b3 Bb7 21. Re1 Ne4 22. f3 Nc3 23. Nxc3 bxc3 24. Bf1 (24. Qb1 $17 {was necessary.}) 24... cxb3 $19 25. cxb3 Bb4 (25... c2 $17 26. Qe2 Ba3 $1 {[%mdl 512]} 27. Rxa3 c1=Q 28. Rxc1 Rxc1) 26. Qc2 Ra8 27. Bd3 h6 28. Qg2 Ba6 29. Bc2 Qe7 30. Kh1 g6 31. Bf4 Kh7 32. g5 Bd6 33. Bxd6 Qxd6 34. gxh6 Rg8 ({Better is} 34... Rae8 $17) 35. Qg5 $11 Qf8 36. Qf6 Qxh6 37. Qxf7+ Rg7 $132 {[%mdl 2048] Black is fighting back} 38. Qxe6 {[#]} (38. Qf4 $1 $11) 38... Re8 $2 (38... Rf8 $1 $17 {...Bc8 is the strong threat.} 39. Bd1 Bc8) 39. Qd6 ({Wrong is} 39. Qxa6 $2 Qxh3+ 40. Kg1 Qg3+ 41. Kh1 Qxf3+ 42. Kh2 Kh8 $19) 39... Rxe3 40. Qg3 $2 {[%mdl 8192]} (40. Rxe3 $11 {and White is okay.} Qxe3 {[%mdl 64] Double Attack} 41. Qg3 (41. Qxd5 $2 Bb7 $19)) 40... Rxe1+ $2 (40... Be2 $19 41. h4 Bxf3+ 42. Kg1 Rge7) 41. Rxe1 {The position is equal.} Bc8 $1 42. Re2 Bf5 ({Not} 42... Bxh3 $2 43. Rh2 $18) 43. Kh2 Bxc2 44. Rxc2 {[%mdl 4096] Endgame KQR-KQR} Rf7 45. f4 Qxf4 46. Qxf4 Rxf4 47. Rxc3 Rxd4 {KR-KR} 48. Rc5 Rd3 49. Rxa5 {Black must now prevent Rb5.} Rxb3 50. Rxd5 Ra3 51. Rd4 Kh6 52. h4 g5 53. hxg5+ {Accuracy: White = 31%, Black = 57%.} 1/2-1/2

[Event "Elitserien Allsvenskan 2018-19"]
[Site "Sweden"]
[Date "2019.03.30"]
[Round "8.6"]
[White "Seo, Jung Min"]
[Black "Ottenklev, Niklas"]
[Result "0-1"]
[WhiteElo "2386"]
[BlackElo "2154"]
[Annotator "NA"]
[PlyCount "86"]
[EventDate "2018.11.09"]
[EventType "team-tourn"]
[EventCountry "SWE"]
[SourceTitle "playchess.com"]
[Source "ChessBase"]
[SourceQuality "1"]
[TimeControl "40/5400+30:1800+30"]

1. e4 {[%emt 0:00:00]} e6 {[%emt 0:00:00]} 2. d4 {[%emt 0:00:00]} d5 {[%emt 0:00:00]} 3. Nd2 {[%emt 0:00:00]} Nc6 {[%emt 0:00:04]} 4. Ngf3 {[%emt 0:00:46]} Nf6 {[%emt 0:00:13]} 5. e5 {[%emt 0:00:25]} Nd7 {[%emt 0:00:06]} 6. c3 {[%emt 0:02:42]} f6 {[%emt 0:00:21]} 7. exf6 {[%emt 0:00:27]} Qxf6 {[%emt 0:00:09]} 8. Nb3 {[%emt 0:01:09]} a5 {[%emt 0:03:31]} 9. Bg5 {[%emt 0:05:15]} Qf7 {[%emt 0:05:38]} 10. Nbd2 {[%emt 0:02:02]} Bd6 {[%emt 0:01:03]} 11. Be3 {[%emt 0:03:51]} e5 {[%emt 0:03:35]} 12. Be2 {[%emt 0:02:52]} O-O {[%emt 0:06:44]} 13. Qc2 {[%emt 0:03:38]} e4 {[%emt 0:05:02]} 14. Ng5 {[%emt 0:00:29]} Qg6 {[%emt 0:01:28]} 15. h4 {[%emt 0:03:41]} Bf4 {[%emt 0:03:08]} 16. O-O-O {[%emt 0:06:31]} Bxe3 {[%emt 0:09:09]} 17. fxe3 {[%emt 0:00:00]} Rf2 {[%emt 0:09:57]} 18. Ndxe4 {[%emt 0:13:33]} Rxe2 {[%emt 0:04:33]} 19. Qxe2 {[%emt 0:00:01]} h6 {[%emt 0:01:22]} 20. h5 {[%emt 0:07:58]} Qe8 {[%emt 0:00:24]} 21. Qd3 {[%emt 0:04:29]} dxe4 {[%emt 0:03:21]} 22. Nxe4 {[%emt 0:01:11]} Nb6 {[%emt 0:01:13]} 23. Nc5 {[%emt 0:08:32]} Bg4 {[%emt 0:02:22]} 24. Rdf1 {[%emt 0:00:19]} Bxh5 {[%emt 0:00:48]} 25. e4 {[%emt 0:01:10]} Bg6 {[%emt 0:04:04]} 26. Qg3 {[%emt 0:01:49]} Na4 {[%emt 0:06:58]} 27. Nd3 {[%emt 0:05:01]} Qxe4 {[%emt 0:01:50]} 28. Rd1 {[%emt 0:00:55]} Rf8 {[%emt 0:06:29]} 29. Rh4 {[%emt 0:02:56]} Qf5 {[%emt 0:02:33]} 30. Rf4 {[%emt 0:08:07]} Qg5 {[%emt 0:03:01]} 31. Qxg5 {[%emt 0:00:05]} hxg5 {[%emt 0:00:06]} 32. Rxf8+ {[%emt 0:00:04]} Kxf8 {[%emt 0:00:10]} 33. d5 {[%emt 0:00:25]} Ne7 {[%emt 0:01:49]} 34. Nf2 {[%emt 0:00:38]} Nf5 {[%emt 0:01:41]} 35. g4 {[%emt 0:00:50]} Nd6 {[%emt 0:02:30]} 36. Rd4 {[%emt 0:00:40]} Nc5 {[%emt 0:01:25]} 37. b4 {[%emt 0:02:21]} axb4 {[%emt 0:04:27]} 38. cxb4 {[%emt 0:00:00]} Na4 {[%emt 0:01:25]} 39. Nh3 {[%emt 0:00:56]} Nc3 {[%emt 0:01:36]} 40. Kb2 {[%emt 0:00:41]} Nce4 {[%emt 0:01:55]} 41. a4 {[%emt 0:30:16]} Ke7 {[%emt 0:30:35]} 42. Rd1 {[%emt 0:00:50]} Be8 {[%emt 0:00:51]} 43. Kb3 {[%emt 0:00:29]} Bxa4+ {[%emt 0:00:10]} 0-1

[Event "Elitserien Allsvenskan 2018-19"]
[Site "Sweden"]
[Date "2019.03.30"]
[Round "8.6"]
[White "Landgren, Andreas"]
[Black "Schneider, Stefan"]
[Result "0-1"]
[WhiteElo "2255"]
[BlackElo "2370"]
[Annotator "NA"]
[PlyCount "80"]
[EventDate "2018.11.09"]
[EventType "team-tourn"]
[EventCountry "SWE"]
[SourceTitle "playchess.com"]
[Source "ChessBase"]
[SourceQuality "1"]
[TimeControl "40/5400+30:1800+30"]

1. d4 {[%emt 0:00:00]} Nf6 {[%emt 0:00:19]} 2. c4 {[%emt 0:00:00]} e6 {[%emt 0:00:23]} 3. Nc3 {[%emt 0:00:00]} Bb4 {[%emt 0:00:47]} 4. Qc2 {[%emt 0:00:02]} Nc6 {[%emt 0:02:14]} 5. Nf3 {[%emt 0:00:12]} d6 {[%emt 0:00:25]} 6. Bd2 {[%emt 0:00:53]} Qe7 {[%emt 0:01:16]} 7. a3 {[%emt 0:02:52]} Bxc3 {[%emt 0:00:09]} 8. Bxc3 {[%emt 0:00:08]} O-O {[%emt 0:05:20]} 9. e3 {[%emt 0:14:45]} a5 {[%emt 0:01:45]} 10. b3 {[%emt 0:09:30]} e5 {[%emt 0:02:14]} 11. dxe5 {[%emt 0:02:27]} dxe5 {[%emt 0:04:29]} 12. Be2 {[%emt 0:01:18]} Bg4 {[%emt 0:05:55]} 13. O-O {[%emt 0:01:23]} Rfe8 {[%emt 0:07:51]} 14. h3 {[%emt 0:11:24]} Bh5 {[%emt 0:00:32]} 15. Qb2 {[%emt 0:04:21]} Ne4 {[%emt 0:08:07]} 16. Be1 {[%emt 0:05:19]} Nc5 {[%emt 0:13:26]} 17. b4 {[%emt 0:22:42]} Bxf3 {[%emt 0:07:51]} 18. gxf3 $15 {[%emt 0:03:47]} Qh4 {[%emt 0:06:21]} 19. Kh2 {[%emt 0:01:21]} Ne6 {[%emt 0:09:32]} 20. Rg1 {[%emt 0:01:00]} Ng5 {[%emt 0:01:02]} 21. Rg3 {[%emt 0:01:01]} f5 {[%emt 0:01:11]} 22. b5 {[%emt 0:14:03]} Nd8 {[%emt 0:01:43]} 23. Bc3 {[%emt 0:00:34]} Ndf7 {[%emt 0:02:49]} 24. c5 {[%emt 0:00:55]} Re6 {[%emt 0:05:25]} 25. Rag1 {[%emt 0:01:52]} Rg6 {[%emt 0:08:26]} 26. Bxe5 {[%emt 0:00:37]} Nxh3 {[%emt 0:00:07]} 27. Bf6 {[%emt 0:00:27]} Nhg5+ {[%emt 0:01:19]} 28. Kg2 {[%emt 0:00:03]} gxf6 {[%emt 0:00:50]} 29. Rh1 {[%emt 0:00:48]} Qa4 {[%emt 0:00:22]} 30. Bd1 {[%emt 0:00:30]} Qc4 {[%emt 0:00:34]} 31. Bb3 {[%emt 0:00:28]} Qxc5 {[%emt 0:00:13]} 32. Rc1 {[%emt 0:00:41]} Qe7 {[%emt 0:00:44]} 33. Qc2 {[%emt 0:00:25]} Rf8 {[%emt 0:01:38]} 34. Qxf5 {[%emt 0:00:09]} Qxa3 {[%emt 0:00:25]} 35. Bd5 {[%emt 0:00:24]} Qxc1 {[%emt 0:00:25]} 36. f4 {[%emt 0:00:11]} Kg7 {[%emt 0:01:02]} 37. fxg5 {[%emt 0:00:19]} Rxg5 {[%emt 0:00:34]} 38. Bxf7 {[%emt 0:00:33]} Rxg3+ {[%emt 0:00:27]} 39. Kxg3 {[%emt 0:00:48]} Qg1+ {[%emt 0:00:18]} 40. Kf3 {[%emt 0:00:17]} Rxf7 {[%emt 0:00:15]} 0-1

[Event "Elitserien Allsvenskan 2018-19"]
[Site "Sweden"]
[Date "2019.03.30"]
[Round "8.6"]
[White "Malesevic, Nedeljko"]
[Black "Ong, Kezli"]
[Result "1-0"]
[WhiteElo "2252"]
[BlackElo "2330"]
[Annotator "NA"]
[PlyCount "97"]
[EventDate "2018.11.09"]
[EventType "team-tourn"]
[EventCountry "SWE"]
[SourceTitle "playchess.com"]
[Source "ChessBase"]
[SourceQuality "1"]
[TimeControl "40/5400+30:1800+30"]

1. d4 Nf6 {[%emt 0:02:32]} 2. c4 {[%emt 0:00:00]} e6 {[%emt 0:00:20]} 3. Nf3 {[%emt 0:00:11]} d5 {[%emt 0:04:39]} 4. cxd5 {[%emt 0:00:26]} exd5 {[%emt 0:00:14]} 5. Bg5 {[%emt 0:00:09]} Be7 {[%emt 0:02:29]} 6. Nc3 {[%emt 0:01:29]} O-O {[%emt 0:03:48]} 7. Qc2 {[%emt 0:00:59]} c6 {[%emt 0:09:03]} 8. e3 {[%emt 0:00:50]} Nbd7 {[%emt 0:06:03]} 9. Bd3 {[%emt 0:01:17]} g6 {[%emt 0:02:43]} 10. O-O {[%emt 0:02:50]} Re8 {[%emt 0:14:40]} 11. Bf4 {[%emt 0:04:53] D36: Queen's Gambit Declined: Exchange Variation: Main line (5 Bg5 c6 6 Qc2)} (11. Rab1 Nb6 12. Ne5 a5 13. Rbe1 Ng4 14. Bxe7 Qxe7 15. f4 Nh6 16. e4 dxe4 17. Nxe4 Bf5 18. Ng3 Bxd3 19. Qxd3 {½-½ (49) Shtembuliak,E (2501)-Rambaldi,F (2563) Columbus 2017}) 11... Nh5 {[%emt 0:06:12]} 12. Nxd5 {[%emt 0:02:44]} Nxf4 {[%emt 0:04:38]} 13. Nxf4 {[%emt 0:00:46]} Bd6 {[%emt 0:02:02]} 14. Rfe1 $146 {[%emt 0:06:43]} ({Predecessor:} 14. Ne2 Nf6 15. e4 Bc7 16. h3 Bd7 17. Nc3 Qc8 18. e5 Nh5 19. Ng5 Nf4 20. Nce4 Kg7 21. Nf6 Rh8 22. Bc4 Ne6 23. Nf3 Bd8 24. Qc3 Nf4 25. Qd2 g5 {1-0 (25) Knechtel,R-Angerer,M Untergriesbach 2003}) 14... Nf6 {[%emt 0:09:02]} 15. h3 {[%emt 0:14:41]} Qa5 {[%emt 0:13:00]} 16. a3 {[%emt 0:09:52]} Bd7 {[%emt 0:02:02]} 17. Bc4 {[%emt 0:16:44]} Bxf4 {[%emt 0:07:43]} 18. exf4 {[%emt 0:00:22]} Nd5 {[%emt 0:03:50]} 19. Re5 {[%emt 0:05:48]} Kg7 {[%emt 0:02:39]} 20. b4 {[%emt 0:02:50]} Qb6 {[%emt 0:01:14]} 21. Rae1 {[%emt 0:03:17]} Nxf4 {[%emt 0:01:05]} 22. Rxe8 {[%emt 0:00:20]} Bxe8 {[%emt 0:00:29]} 23. Re7 {[%emt 0:03:04]} Nd5 {[%emt 0:00:30]} 24. Bxd5 {[%emt 0:00:58]} cxd5 {[%emt 0:00:10]} 25. Qe2 {[%emt 0:00:23]} Bb5 {[%emt 0:00:51]} 26. Qe5+ {[%emt 0:00:35]} Qf6 {[%emt 0:00:30]} 27. Ng5 {[%emt 0:01:36]} Qxe5 {[%emt 0:00:29]} 28. dxe5 {[%emt 0:00:10]} Be8 {[%emt 0:00:32]} 29. Ne6+ {[%emt 0:00:19]} Kg8 {[%emt 0:00:29]} 30. Nd4 {[%emt 0:06:05]} Rb8 {[%emt 0:00:30]} 31. b5 {[%emt 0:00:46]} h6 {[%emt 0:00:30]} 32. Rc7 {[%emt 0:00:55]} h5 {[%emt 0:00:31]} 33. f4 {[%emt 0:00:46]} h4 {[%emt 0:00:26]} 34. Kf2 {[%emt 0:00:37]} a6 {[%emt 0:00:15]} 35. b6 {[%emt 0:00:24]} Bb5 {[%emt 0:00:43]} 36. Kf3 {[%emt 0:00:54]} Bd3 {[%emt 0:00:36]} 37. Kg4 {[%emt 0:02:01]} Bf1 {[%emt 0:00:10]} 38. Kxh4 {[%emt 0:01:00]} Bxg2 {[%emt 0:00:11]} 39. Kg4 {[%emt 0:00:18]} Be4 {[%emt 0:01:07]} 40. Kg5 {[%emt 0:00:31]} Bg2 {[%emt 0:00:29]} 41. h4 {[%emt 0:32:04]} Bh3 {[%emt 0:19:30]} 42. Kf6 {[%emt 0:00:00]} Be6 {[%emt 0:03:16]} 43. h5 {[%emt 0:00:00]} gxh5 {[%emt 0:00:38]} 44. f5 {[%emt 0:00:00]} Bc8 {[%emt 0:04:52]} 45. Rxf7 {[%emt 0:00:00]} h4 {[%emt 0:00:51]} 46. e6 {[%emt 0:00:00]} h3 {[%emt 0:00:31]} 47. Nf3 {[%emt 0:00:00]} d4 {[%emt 0:01:28]} 48. Rg7+ {[%emt 0:00:00]} Kh8 {[%emt 0:00:11]} 49. Ne5 {[%emt 0:00:00]} 1-0

[Event "Elitserien Allsvenskan 2018-19"]
[Site "Sweden"]
[Date "2019.03.30"]
[Round "8.6"]
[White "Lindgren, Mats"]
[Black "Ahlander, Bjorn"]
[Result "0-1"]
[WhiteElo "2159"]
[BlackElo "2426"]
[Annotator "TA"]
[PlyCount "147"]
[EventDate "2018.11.09"]
[EventType "team-tourn"]
[EventCountry "SWE"]
[SourceTitle "playchess.com"]
[Source "ChessBase"]
[SourceQuality "1"]

{[%evp 17,147,2,10,0,0,0,0,0,0,0,0,0,0,0,19,6,15,0,10,10,4,9,9,9,9,0,0,0,0,0,0,-8,-8,-8,-8,-48,-52,-49,-18,-38,-36,-35,-12,-12,-12,-12,-8,-8,-10,-10,-7,-5,-3,-6,0,-103,-103,-103,-104,-112,-109,-111,-8,-8,-8,-23,-8,-8,-13,-22,-8,-16,0,0,0,0,0,0,0,0,0,0,0,0,0,0,0,0,0,0,0,0,0,0,0,0,0,0,0,0,0,0,0,0,0,0,0,0,0,0,0,0,0,0,0,0,0,0,0,0,0,0,0,-1844,-1672,-1566,-1191,-1136,-1106,-29967,-1060,-29978]} 1. e4 c5 2. c3 d5 3. exd5 Qxd5 4. d4 Nf6 5. Nf3 e6 6. Be3 cxd4 7. cxd4 Nc6 8. Nc3 Qd6 9. a3 g6 10. Bc4 {B22: Sicilian: 2 c3} Bg7 11. Nb5 (11. Qd2 O-O 12. Bf4 Qd8 13. Rd1 Ne7 14. Bh6 b6 15. Bxg7 Kxg7 16. O-O Bb7 17. Ne5 Rc8 {1-0 (51) Kislinsky,A (2513)-Tiviakov,S (2583) Groningen 2017}) 11... Qd8 12. Bf4 {The position is equal.} O-O 13. Bd6 Re8 {[#] Strongly threatening ...a6.} 14. Bc7 Qd7 {White must now prevent ...a6.} 15. Ne5 Nxe5 16. Bxe5 Qc6 17. Be2 $1 {next Nc7 is good for White.} Nd5 ({Reject} 17... Qxg2 $6 18. Bf3 $16) 18. Rc1 $146 Qd7 19. O-O Rd8 $1 20. Nc3 Qe7 $36 {[%mdl 2048] Threatens to win with ...Bxe5. Black has some pressure.} 21. Qb3 Nxc3 22. Rxc3 Bxe5 23. dxe5 b6 24. Bf3 Bb7 25. Bxb7 Qxb7 26. Rfc1 Qe4 27. Re3 Qd4 (27... Rac8 $5 {[%cal Rc8c1]} 28. Rce1 Qc2 29. Qxc2 Rxc2 $15) 28. Qc3 Qd7 29. g3 Kg7 30. Qb4 Rac8 31. Rxc8 Rxc8 $11 {[%mdl 4096] Endgame KQR-KQR} 32. Rc3 Qd1+ 33. Kg2 Qd5+ 34. Kh3 Rxc3 35. Qxc3 {KQ-KQ} Qe4 36. f3 {[#]} (36. Qe3 $11 Qxe3 37. fxe3) 36... Qe2 $1 $17 37. g4 Qf2 38. b4 h6 39. Qd3 a5 ({Better is} 39... g5 $17) 40. bxa5 $11 bxa5 41. Qe4 g5 42. a4 Qg1 43. f4 Qf1+ 44. Kg3 gxf4+ 45. Qxf4 Qe1+ 46. Kh3 Qd1 47. Kh4 Qc2 48. h3 Qg6 49. Qe3 Kh8 50. Qc5 Qg5+ 51. Kg3 Qd8 52. Qe3 Kg7 53. h4 Qd1 54. Qf4 Qd3+ 55. Qf3 Qd2 56. Qf4 Qe1+ 57. Kh3 Qb4 58. Qf6+ Kg8 {And now ...Qa3+ would win.} 59. Qd8+ Kh7 {...Qa3+ is the strong threat.} 60. Qf6 Qc3+ (60... Kg8 {is more complex.}) 61. Kg2 Qd2+ 62. Kg3 Qd7 (62... Qe3+ {feels hotter.} 63. Kg2 Qe4+ 64. Kh3 Qe3+ 65. Kg2) 63. Qf4 Qc7 64. h5 Qe7 65. Qe4+ Kg7 66. Qf4 Qd8 67. Kh3 Qd3+ 68. Kh4 Qd1 69. Qf6+ Kg8 70. g5 $2 {[%mdl 8192]} (70. Qf4 $11) 70... Qxa4+ $19 71. Kg3 Qb3+ 72. Kf2 Qc2+ 73. Kf3 Qd3+ (73... Qf5+ $142 74. Ke3 Qxg5+ 75. Kd4 Qxf6 76. exf6 a4 77. Kc4 e5 78. Kd3 a3 79. Kc2 e4 80. Kb3 e3 81. Kxa3 e2 82. Kb4 e1=Q+ 83. Kb5 Qe5+ 84. Kb4 Qxh5 85. Kc3 Qe5+ 86. Kc4 h5 87. Kd3 h4 88. Kd2 h3 89. Kc2 h2 90. Kd2 h1=Q 91. Kc2 Qhe4+ 92. Kd2 Qe2+ 93. Kc1 Q5b2#) 74. Kg4 {Accuracy: White = 61%, Black = 75%.} 0-1

[Event "Elitserien Allsvenskan 2018-19"]
[Site "Sweden"]
[Date "2019.03.30"]
[Round "8.7"]
[White "Jepson, Christian"]
[Black "Norberg, Johan"]
[Result "1/2-1/2"]
[WhiteElo "2391"]
[BlackElo "2305"]
[Annotator "ChessBase"]
[PlyCount "85"]
[EventDate "2018.11.09"]
[EventType "team-tourn"]
[EventCountry "SWE"]
[SourceTitle "playchess.com"]
[Source "ChessBase"]
[SourceQuality "1"]
[TimeControl "40/5400+30:1800+30"]

1. d4 {[%emt 0:00:00]} d6 {[%emt 0:00:10]} 2. e4 {[%emt 0:01:42]} Nf6 {[%emt 0:00:24]} 3. Nc3 {[%emt 0:00:05]} g6 {[%emt 0:00:15]} 4. f4 {[%emt 0:00:44]} Bg7 {[%emt 0:01:20]} 5. Nf3 {[%emt 0:00:15]} c5 {[%emt 0:01:20]} 6. dxc5 {[%emt 0:00:10]} Qa5 {[%emt 0:00:09]} 7. Qd4 {[%emt 0:00:08]} dxc5 {[%emt 0:26:08]} 8. Qc4 {[%emt 0:00:29]} O-O {[%emt 0:14:27]} 9. e5 {[%emt 0:01:07]} Be6 {[%emt 0:06:34]} 10. Qa4 {[%emt 0:04:28]} Qxa4 {[%emt 0:01:19]} 11. Nxa4 {[%emt 0:00:07]} Nfd7 {[%emt 0:00:35]} 12. Be3 {[%emt 0:17:30]} b6 {[%emt 0:07:11]} 13. O-O-O {[%emt 0:08:52]} h6 {[%emt 0:03:12]} 14. Nc3 {[%emt 0:09:59]} Nc6 {[%emt 0:01:40]} 15. Bb5 {[%emt 0:17:49]} Rac8 {[%emt 0:03:44]} 16. h3 {[%emt 0:05:39]} Ndb8 {[%emt 0:03:45]} 17. g4 {[%emt 0:01:18]} Rfd8 {[%emt 0:17:57]} 18. Rhg1 {[%emt 0:05:15]} Rxd1+ {[%emt 0:00:46]} 19. Rxd1 {[%emt 0:01:07]} Rd8 {[%emt 0:00:17]} 20. Rxd8+ {[%emt 0:01:35]} Nxd8 {[%emt 0:00:01]} 21. Bd3 {[%emt 0:02:08]} Ndc6 {[%emt 0:00:32]} 22. a3 {[%emt 0:00:38]} Kf8 {[%emt 0:02:32]} 23. Be4 {[%emt 0:04:07]} Bd7 {[%emt 0:02:05]} 24. Nd5 {[%emt 0:07:21]} Na5 {[%emt 0:01:36]} 25. f5 {[%emt 0:03:40]} e6 {[%emt 0:00:36]} 26. Nxb6 {[%emt 0:05:05]} axb6 {[%emt 0:00:20]} 27. f6 {[%emt 0:00:03]} Nc4 {[%emt 0:00:36]} 28. Bf4 {[%emt 0:01:44]} Bc6 {[%emt 0:01:29]} 29. Bxc6 {[%emt 0:00:22]} Nxc6 {[%emt 0:00:01]} 30. fxg7+ {[%emt 0:00:18]} Kxg7 {[%emt 0:00:02]} 31. h4 {[%emt 0:00:56]} g5 {[%emt 0:00:38]} 32. hxg5 {[%emt 0:00:15]} hxg5 {[%emt 0:00:01]} 33. Bxg5 {[%emt 0:00:34]} N4xe5 {[%emt 0:00:17]} 34. Nxe5 {[%emt 0:00:08]} Nxe5 {[%emt 0:00:04]} 35. Bd8 {[%emt 0:00:05]} b5 {[%emt 0:01:21]} 36. b3 {[%emt 0:01:01]} c4 {[%emt 0:03:47]} 37. a4 {[%emt 0:00:54]} cxb3 {[%emt 0:00:03]} 38. axb5 {[%emt 0:00:33]} bxc2 {[%emt 0:00:09]} 39. b6 {[%emt 0:00:23]} Nd7 {[%emt 0:01:18]} 40. b7 {[%emt 0:00:10]} f5 {[%emt 0:00:31]} 41. g5 {[%emt 0:31:14]} Kg6 {[%emt 0:01:01]} 42. Kxc2 {[%emt 0:00:00]} f4 {[%emt 0:03:04]} 43. Kd2 {[%emt 0:00:00]} 1/2-1/2

[Event "Elitserien Allsvenskan 2018-19"]
[Site "Sweden"]
[Date "2019.03.30"]
[Round "8.7"]
[White "Sorensen, Hampus"]
[Black "Cramling, Dan"]
[Result "1-0"]
[WhiteElo "2319"]
[BlackElo "2322"]
[Annotator "NA"]
[PlyCount "119"]
[EventDate "2018.11.09"]
[EventType "team-tourn"]
[EventCountry "SWE"]
[SourceTitle "playchess.com"]
[Source "ChessBase"]
[SourceQuality "1"]
[TimeControl "40/5400+30:1800+30"]

1. d4 {[%emt 0:00:00]} Nf6 {[%emt 0:00:00]} 2. c4 {[%emt 0:00:29]} c5 {[%emt 0:00:18]} 3. d5 {[%emt 0:00:59]} b5 {[%emt 0:00:15]} 4. Qc2 {[%emt 0:01:10]} Na6 {[%emt 0:10:13]} 5. a3 {[%emt 0:03:42] A57: Benko/Volga Gambit} bxc4 {[%emt 0:03:11]} 6. e4 {[%emt 0:03:03]} e6 {[%emt 0:01:03]} 7. Bxc4 {[%emt 0:04:03]} (7. Nc3 exd5 8. exd5 Bd6 {Predecessor:} 9. Bxc4 O-O 10. Nge2 (10. Nf3 Re8+ 11. Be3 Bf4 12. O-O Bxe3 13. fxe3 {½-½ (25) Giemsa,S (2267)-Popovics,A (2423) Germany 2012}) 10... Nc7 11. O-O Re8 12. Qd3 Rb8 {½-½ (40) Mamedyarov,S (2766)-Mihok,O (2505) chess.com INT 2017}) 7... exd5 {[%emt 0:07:09]} 8. exd5 {[%emt 0:00:17]} Bd6 {[%emt 0:01:09]} 9. Qe2+ $146 {[%emt 0:10:31]} Qe7 {[%emt 0:00:57]} 10. Nc3 {[%emt 0:00:30]} O-O {[%emt 0:05:58]} 11. Qxe7 {[%emt 0:05:22]} Bxe7 {[%emt 0:00:16]} 12. Bf4 {[%emt 0:00:33]} Nh5 {[%emt 0:09:28]} 13. Be3 {[%emt 0:03:16]} d6 {[%emt 0:00:12]} 14. Nb5 {[%emt 0:03:36]} f5 {[%emt 0:01:52]} 15. f3 {[%emt 0:06:37]} Bd7 {[%emt 0:15:36]} 16. Ne2 {[%emt 0:11:42]} Rab8 {[%emt 0:07:00]} 17. Nec3 {[%emt 0:09:32]} Rb6 {[%emt 0:18:49]} (17... Rb7 $11) 18. O-O {[%emt 0:03:54]} f4 {[%emt 0:01:01]} 19. Bf2 {[%emt 0:02:22]} Bf6 {[%emt 0:00:27]} 20. a4 {[%emt 0:05:17]} Rfb8 {[%emt 0:01:11]} 21. Rac1 {[%emt 0:08:55]} R8b7 {[%emt 0:02:04]} 22. g4 {[%emt 0:01:21]} fxg3 {[%emt 0:00:42]} 23. hxg3 {[%emt 0:00:02]} Bxb5 {[%emt 0:02:37]} 24. axb5 {[%emt 0:01:48]} Nc7 {[%emt 0:00:23]} 25. Bxc5 {[%emt 0:03:57]} Bxc3 {[%emt 0:02:51]} 26. bxc3 {[%emt 0:02:20]} dxc5 {[%emt 0:00:20]} 27. d6+ {[%emt 0:00:18]} Kf8 {[%emt 0:00:12]} 28. dxc7 {[%emt 0:01:01]} Rxc7 {[%emt 0:00:14]} 29. Kg2 {[%emt 0:00:23]} Rd6 {[%emt 0:00:40]} 30. Rfd1 {[%emt 0:02:17]} Rxd1 {[%emt 0:02:08]} 31. Rxd1 {[%emt 0:00:03]} Nf6 {[%emt 0:00:27]} 32. g4 {[%emt 0:01:17]} Nd7 {[%emt 0:02:51]} 33. f4 {[%emt 0:01:14]} Nb6 {[%emt 0:01:30]} 34. Be6 {[%emt 0:00:33]} Ke7 {[%emt 0:00:28]} 35. f5 {[%emt 0:00:37]} Na4 {[%emt 0:02:27]} 36. c4 {[%emt 0:01:00]} h6 {[%emt 0:00:20]} 37. Kf3 {[%emt 0:00:21]} Nb6 {[%emt 0:01:10]} 38. Kf4 {[%emt 0:00:30]} Kf6 {[%emt 0:00:45]} 39. Rd8 {[%emt 0:01:50]} Ke7 {[%emt 0:00:31]} 40. Rg8 {[%emt 0:01:32]} Kf6 {[%emt 0:00:22]} 41. Rf8+ {[%emt 0:30:32]} Ke7 {[%emt 0:30:18]} 42. Rf7+ {[%emt 0:00:00]} Kd6 {[%emt 0:00:00]} 43. Rxc7 {[%emt 0:00:00]} Kxc7 {[%emt 0:00:00]} 44. Ke5 {[%emt 0:00:00]} Na4 {[%emt 0:00:00]} 45. f6 $2 {[%emt 0:00:00]} (45. Bd5 $18) 45... gxf6+ {[%emt 0:00:00]} 46. Kxf6 {[%emt 0:00:00]} Kd6 {[%emt 0:00:00]} 47. Bg8 {[%emt 0:00:00]} Nc3 {[%emt 0:00:00]} (47... Nb6 $1 $11) 48. Bh7 {[%emt 0:00:00]} Nd1 $1 {[%emt 0:00:00]} 49. Bd3 {[%emt 0:00:00]} Nf2 {[%emt 0:00:00]} 50. Be2 {[%emt 0:00:00]} Ne4+ {[%emt 0:00:00]} 51. Kg6 {[%emt 0:00:28]} Ke5 {[%emt 0:00:00]} 52. Kxh6 {[%emt 0:00:25]} Kf4 {[%emt 0:00:00]} 53. Kg6 {[%emt 0:00:54]} Nc3 {[%emt 0:00:00]} 54. Bf1 {[%emt 0:02:01]} Kxg4 {[%emt 0:00:00]} 55. Kf6 {[%emt 0:00:08]} Kf4 {[%emt 0:03:25]} 56. Ke6 {[%emt 0:00:09]} Ke4 {[%emt 0:02:52]} 57. Kd6 {[%emt 0:00:05]} Nxb5+ $1 {[%emt 0:01:17]} 58. cxb5 {[%emt 0:00:14]} Kd4 {[%emt 0:00:12]} 59. Bh3 {[%emt 0:01:10]} c4 {[%emt 0:01:19] [#]} 60. Be6 {[%emt 0:01:36]} 1-0